广西壮族自治区地图点选 Guangxi Click Map - Statistics

General Stats
  • This quiz has been taken 21 times
  • The average score is 12 of 14
Answers on the Map
Answers color-coded by a green-red scale on the quiz's map according to % correct below.
 
Answer Stats
Answer % Correct
南宁市
100%
桂林市
100%
贵港市
100%
柳州市
93%
防城港市
93%
钦州市
93%
梧州市
87%
北海市
87%
来宾市
87%
百色市
80%
河池市
80%
崇左市
80%
贺州市
73%
玉林市
67%
No matching quizzes found
Score Distribution
Percent of People with Each Score
Percentile by Number Answered
Your Score History
You have not taken this quiz